Medios alternativos en la solucin̤ de conflictos legales

Detalles Bibliográficos
Formato: eBook
Lenguaje:español
Publicado: Quito: Corporacin̤ Editoria Nacional, 1994
Materias:
Acceso en línea:Acceso restringido

MARC

LEADER 00000nam a22000007a 4500
005 20141021213041.0
007 cr|||| ||||
008 141021s1994 ec |||||s|||| 00||0 spa d
020 |a 9978-84-208-X 
035 |a 12487 
040 |a vLex 
090 |c 5256  |d 5256 
245 0 0 |a Medios alternativos en la solucin̤ de conflictos legales  |h [Recurso electrn̤ico] / 
256 |a Servicio en ln̕ea 
260 |a Quito:  |b Corporacin̤ Editoria Nacional,  |c 1994 
300 |a 1 recurso electrn̤ico 
506 1 |a Disponible solo en los productos indicados  |d vLex Global  |d vLex Global (Academic Edition, excluding Law Schools)  |d vLex Global (U.S. Academic Edition, Law Schools)  |d vLex Global (U.S. Academic Edition, excluding Law Schools)  |d vLex Global (Academic Edition, Law Schools) 
650 0 4 |a Arbitraje  |z Ecuador 
740 0 |a vLex Libros (Servicio en ln̕ea) 
856 4 0 |u http://vlex.com/source/medios-alternativos-solucion-conflictos-legales-12487  |z Acceso restringido 
942 |c BOOK 
999 0 |a Arbitration